Differential equations with boundary-value problems / (Record no. 179301)

000 -LEADER
fixed length control field 00658 a2200217 4500
003 - CONTROL NUMBER IDENTIFIER
control field Nust
005 - DATE AND TIME OF LATEST TRANSACTION
control field 20170207153116.0
010 ## - LIBRARY OF CONGRESS CONTROL NUMBER
LC control number 96002423
020 ## - INTERNATIONAL STANDARD BOOK NUMBER
International Standard Book Number (acid-free paper)
040 ## - CATALOGING SOURCE
Transcribing agency Nust
082 00 - DEWEY DECIMAL CLASSIFICATION NUMBER
Classification number 515.353
100 1# - MAIN ENTRY--PERSONAL NAME
Personal name Zill, Dennis G.,
245 10 - TITLE STATEMENT
Title Differential equations with boundary-value problems /
Statement of responsibility, etc. Dennis G. Zill.
250 ## - EDITION STATEMENT
Edition statement 3rd ed. /
Remainder of edition statement Michael R. Cullen.
260 ## - PUBLICATION, DISTRIBUTION, ETC.
Place of publication, distribution, etc. Islamabad
Name of publisher, distributor, etc. National Book Foundation Pub. Co.,
Date of publication, distribution, etc. c1997.
300 ## - PHYSICAL DESCRIPTION
Extent 1 v. 775:
Other physical details ill. (some col.) ;
Dimensions 26 cm.
538 ## - SYSTEM DETAILS NOTE
System details note Almirah No.13 Shelf No. 5
650 #0 - SUBJECT ADDED ENTRY--TOPICAL TERM
Topical term or geographic name entry element Boundary value problems.
650 #0 - SUBJECT ADDED ENTRY--TOPICAL TERM
Topical term or geographic name entry element Differential equations.
700 1# - ADDED ENTRY--PERSONAL NAME
Personal name Cullen, Michael R.
942 ## - ADDED ENTRY ELEMENTS (KOHA)
Source of classification or shelving scheme
Koha item type Book
Holdings
Withdrawn status Lost status Source of classification or shelving scheme Damaged status Not for loan Permanent Location Current Location Shelving location Date acquired Total Checkouts Full call number Barcode Date last seen Date last checked out Price effective from Koha item type
          Military College of Signals (MCS) Military College of Signals (MCS) General Stacks 12/12/2016 1 515.353,ZIL MCS33314 08/29/2025 04/10/2025 12/12/2016 Book
© 2023 Central Library, National University of Sciences and Technology. All Rights Reserved.